<?xml version="1.0" encoding="UTF-8"?>
<record
    xmlns:xsi="http://www.w3.org/2001/XMLSchema-instance"
    xsi:schemaLocation="http://www.loc.gov/MARC21/slim http://www.loc.gov/standards/marcxml/schema/MARC21slim.xsd"
    xmlns="http://www.loc.gov/MARC21/slim">

  <leader>01491nam0a22003611  4500</leader>
  <controlfield tag="001">RU\NLR\INFOCOMM_253\5000012643</controlfield>
  <controlfield tag="005">20250613092901.0</controlfield>
  <datafield tag="035" ind1=" " ind2=" ">
    <subfield code="a">(NLR Aleph) 009184822</subfield>
  </datafield>
  <datafield tag="090" ind1=" " ind2=" ">
    <subfield code="a">8594150</subfield>
    <subfield code="c">8594150</subfield>
  </datafield>
  <datafield tag="100" ind1=" " ind2=" ">
    <subfield code="a">20100320d1982    |||y0rusy50      ca</subfield>
  </datafield>
  <datafield tag="101" ind1="1" ind2=" ">
    <subfield code="a">ger</subfield>
    <subfield code="c">rus</subfield>
  </datafield>
  <datafield tag="102" ind1=" " ind2=" ">
    <subfield code="a">RU</subfield>
  </datafield>
  <datafield tag="105" ind1=" " ind2=" ">
    <subfield code="a">y   ||||000|y</subfield>
  </datafield>
  <datafield tag="200" ind1="1" ind2=" ">
    <subfield code="a">Sowjetische Mediziner &#xFC;ber die Gefahren eines Nuklearkrieges</subfield>
    <subfield code="f">Jewgeni Tschasow, Leonid Iljin, Angelina Guskowa</subfield>
  </datafield>
  <datafield tag="210" ind1=" " ind2=" ">
    <subfield code="a">&#x39C;.</subfield>
    <subfield code="c">APN-Verl.</subfield>
    <subfield code="d">1982</subfield>
  </datafield>
  <datafield tag="215" ind1=" " ind2=" ">
    <subfield code="a">151 &#x441;.</subfield>
    <subfield code="d">19 &#x441;&#x43C;</subfield>
  </datafield>
  <datafield tag="300" ind1=" " ind2=" ">
    <subfield code="a">&#x412; &#x432;&#x44B;&#x43F;. &#x434;&#x430;&#x43D;.: &#x41E;&#x43F;&#x430;&#x441;&#x43D;&#x43E;&#x441;&#x442;&#x44C; &#x44F;&#x434;&#x435;&#x440;&#x43D;&#x43E;&#x439; &#x432;&#x43E;&#x439;&#x43D;&#x44B; : &#x422;&#x43E;&#x447;&#x43A;&#x430; &#x437;&#x440;&#x435;&#x43D;&#x438;&#x44F; &#x441;&#x43E;&#x432;. &#x443;&#x447;&#x435;&#x43D;&#x44B;&#x445;-&#x43C;&#x435;&#x434;&#x438;&#x43A;&#x43E;&#x432; / &#x415;. &#x418;. &#x427;&#x430;&#x437;&#x43E;&#x432;, &#x41B;. &#x410;. &#x418;&#x43B;&#x44C;&#x438;&#x43D;, &#x410;. &#x41A;. &#x413;&#x443;&#x441;&#x44C;&#x43A;&#x43E;&#x432;&#x430;</subfield>
  </datafield>
  <datafield tag="320" ind1=" " ind2=" ">
    <subfield code="a">&#x411;&#x438;&#x431;&#x43B;&#x438;&#x43E;&#x433;&#x440;.: &#x441;. 145-148</subfield>
  </datafield>
  <datafield tag="606" ind1=" " ind2=" ">
    <subfield code="a">&#x411;&#x43E;&#x440;&#x44C;&#x431;&#x430; &#x437;&#x430; &#x43C;&#x438;&#x440;</subfield>
    <subfield code="y">&#x421;&#x421;&#x421;&#x420;</subfield>
    <subfield code="2">nlr_sh1</subfield>
  </datafield>
  <datafield tag="606" ind1=" " ind2=" ">
    <subfield code="a">&#x420;&#x430;&#x434;&#x438;&#x43E;&#x430;&#x43A;&#x442;&#x438;&#x432;&#x43D;&#x43E;&#x435; &#x438;&#x437;&#x43B;&#x443;&#x447;&#x435;&#x43D;&#x438;&#x435;</subfield>
    <subfield code="x">&#x412;&#x43B;&#x438;&#x44F;&#x43D;&#x438;&#x435; &#x43D;&#x430; &#x43E;&#x440;&#x433;&#x430;&#x43D;&#x438;&#x437;&#x43C;</subfield>
    <subfield code="2">nlr_sh1</subfield>
  </datafield>
  <datafield tag="686" ind1=" " ind2=" ">
    <subfield code="a">&#x422;3(2)73-65</subfield>
    <subfield code="2">rubbk</subfield>
  </datafield>
  <datafield tag="686" ind1=" " ind2=" ">
    <subfield code="a">&#x420;368</subfield>
    <subfield code="2">rubbk</subfield>
  </datafield>
  <datafield tag="700" ind1=" " ind2="1">
    <subfield code="9">z04790</subfield>
    <subfield code="a">&#x10C;azov</subfield>
    <subfield code="b">E. I.</subfield>
    <subfield code="f">1929-</subfield>
    <subfield code="g">Evgenij Ivanovi&#x10D;</subfield>
    <subfield code="4">070</subfield>
  </datafield>
  <datafield tag="701" ind1=" " ind2="1">
    <subfield code="9">z05790</subfield>
    <subfield code="a">Il'in</subfield>
    <subfield code="b">L. A.</subfield>
    <subfield code="f">1928-</subfield>
    <subfield code="g">Leonid Andreevi&#x10D;</subfield>
    <subfield code="4">070</subfield>
  </datafield>
  <datafield tag="701" ind1=" " ind2="1">
    <subfield code="9">z06790</subfield>
    <subfield code="a">Gus'kova</subfield>
    <subfield code="b">A. K.</subfield>
    <subfield code="f">1924-</subfield>
    <subfield code="g">Angelina Konstantinovna</subfield>
    <subfield code="4">070</subfield>
  </datafield>
  <datafield tag="790" ind1=" " ind2="1">
    <subfield code="9">z04700</subfield>
    <subfield code="a">Tschasow</subfield>
    <subfield code="b">J.</subfield>
    <subfield code="g">Jewgeni</subfield>
    <subfield code="4">070</subfield>
  </datafield>
  <datafield tag="790" ind1=" " ind2="1">
    <subfield code="9">z05701</subfield>
    <subfield code="a">Iljin</subfield>
    <subfield code="b">L.</subfield>
    <subfield code="g">Leonid</subfield>
    <subfield code="4">070</subfield>
  </datafield>
  <datafield tag="790" ind1=" " ind2="1">
    <subfield code="9">z06701</subfield>
    <subfield code="a">Guskowa</subfield>
    <subfield code="b">A.</subfield>
    <subfield code="g">Angelina</subfield>
    <subfield code="4">070</subfield>
  </datafield>
  <datafield tag="801" ind1=" " ind2="1">
    <subfield code="a">RU</subfield>
    <subfield code="b">NLR</subfield>
    <subfield code="c">20100320</subfield>
  </datafield>
  <datafield tag="801" ind1=" " ind2="0">
    <subfield code="a">RU</subfield>
    <subfield code="b">NLR</subfield>
    <subfield code="g">PSBO</subfield>
  </datafield>
  <datafield tag="852" ind1=" " ind2=" ">
    <subfield code="a">NLR</subfield>
    <subfield code="j">&#x418;&#x440;51 &#x414;-3/283</subfield>
  </datafield>
  <datafield tag="942" ind1=" " ind2=" ">
    <subfield code="c">BOOK</subfield>
  </datafield>
  <datafield tag="980" ind1=" " ind2=" ">
    <subfield code="a">NB</subfield>
  </datafield>
  <datafield tag="995" ind1=" " ind2=" ">
    <subfield code="5">2013-10-26</subfield>
    <subfield code="b">NLR01</subfield>
    <subfield code="c">NLR01</subfield>
    <subfield code="e">IF</subfield>
    <subfield code="f">9184822-10</subfield>
    <subfield code="k">&#x418;&#x440;51 &#x414;-3/283</subfield>
    <subfield code="o">0</subfield>
    <subfield code="r">BOOK</subfield>
    <subfield code="s">51_3283</subfield>
  </datafield>
</record>
